000 00281nam a22001217a 4500
008 181102b xxu||||| |||| 00| 0 eng d
041 _aeng
080 _a611
100 _a6
101 _aANA
245 _aClinical Neuroanatomy and Neurophysiology
_cManter, J.T
942 _2udc
_cBK
999 _c51639
_d51639